[Event "FICGS class C 000077 email"]
[Site "FICGS email"]
[Date "2008.04.05"]
[Round "1"]
[White "Gaffagan, Steven"]
[Black "Nyman, James"]
[Result "1-0"]
[WhiteElo "1600"]
[BlackElo "1803"]
[PlyCount "25"]
[EventDate "2008.??.??"]
[EventType "tourn (corr)"]
[EventRounds "4"]
[SourceTitle "Corr 2022"]
[Source "ChessBase"]
[SourceDate "2021.10.24"]
[SourceVersion "1"]
[SourceVersionDate "2021.10.24"]
[SourceQuality "1"]

1. e4 d6 2. d4 Nf6 3. Nc3 Nbd7 4. Nf3 e5 5. Bc4 Be7 6. 0-0 0-0 7. Re1 c6 8. a4 b6 9. h3 a6 10. Ba2 Rb8 11. Be3 b5 12. axb5 axb5 13. b4 1-0

[Event "FICGS class C 000077 email"]
[Site "FICGS email"]
[Date "2008.04.05"]
[Round "1"]
[White "Sengupta, Arnab"]
[Black "Nyman, James"]
[Result "1-0"]
[WhiteElo "1700"]
[BlackElo "1803"]
[PlyCount "69"]
[EventDate "2008.??.??"]
[EventType "tourn (corr)"]
[EventRounds "4"]
[SourceTitle "Corr 2022"]
[Source "ChessBase"]
[SourceDate "2021.10.24"]
[SourceVersion "1"]
[SourceVersionDate "2021.10.24"]
[SourceQuality "1"]

1. d4 d6 2. e4 Nf6 3. Nc3 g6 4. Nf3 Bg7 5. Bc4 0-0 6. 0-0 Nxe4 7. Nxe4 d5 8. Bd3 dxe4 9. Bxe4 Nd7 10. Qe2 Nf6 11. Re1 Nxe4 12. Qxe4 Re8 13. c3 Qd6 14. Qh4 b6 15. Bf4 Qd7 16. Qg3 c6 17. Ne5 Qd5 18. b3 c5 19. dxc5 Qxc5 20. b4 Qd5 21. c4 Qb7 22. c5 bxc5 23. bxc5 Qa6 24. Qf3 Be6 25. c6 Rac8 26. Rac1 Qxa2 27. c7 Bd5 28. Qe3 f6 29. Nc6 Bxc6 30. Rxc6 e5 31. Qc3 f5 32. h4 Qd5 33. Bg5 e4 34. Qc2 Qf7 35. Rd1 1-0

[Event "FICGS class D 000078 email"]
[Site "FICGS email"]
[Date "2008.01.29"]
[Round "1"]
[White "David, Matthieu"]
[Black "Nyman, James"]
[Result "0-1"]
[WhiteElo "1800"]
[BlackElo "1600"]
[PlyCount "24"]
[EventDate "2008.??.??"]
[EventType "tourn (corr)"]
[EventRounds "6"]
[SourceTitle "Corr 2022"]
[Source "ChessBase"]
[SourceDate "2021.10.24"]
[SourceVersion "1"]
[SourceVersionDate "2021.10.24"]
[SourceQuality "1"]

1. e4 c6 2. d4 d5 3. e5 c5 4. Bb5+ Bd7 5. Nc3 Bxb5 6. Nxb5 e6 7. Bg5 Qa5+ 8. c3 Qxb5 9. b3 cxd4 10. a4 Qb6 11. cxd4 Bb4+ 12. Kf1 Nc6 0-1

[Event "FICGS class D 000078 email"]
[Site "FICGS email"]
[Date "2008.01.29"]
[Round "1"]
[White "Nyman, James"]
[Black "Lugomer, Anita"]
[Result "1-0"]
[WhiteElo "1600"]
[BlackElo "1800"]
[PlyCount "29"]
[EventDate "2008.??.??"]
[EventType "tourn (corr)"]
[EventRounds "6"]
[SourceTitle "Corr 2022"]
[Source "ChessBase"]
[SourceDate "2021.10.24"]
[SourceVersion "1"]
[SourceVersionDate "2021.10.24"]
[SourceQuality "1"]

1. d4 d5 2. Nf3 Nf6 3. Bf4 Nc6 4. e3 Bg4 5. Nbd2 e6 6. c3 e5 7. dxe5 Ne4 8. h3 Bf5 9. Bb5 Bc5 10. Nd4 Bd7 11. Bxc6 0-0 12. Bxd7 Qxd7 13. Nxe4 dxe4 14. 0-0 a5 15. Qc2 1-0

[Event "FICGS class D 000074 email"]
[Site "FICGS email"]
[Date "2007.12.30"]
[Round "1"]
[White "Nyman, James"]
[Black "Konig, Paul"]
[Result "0-1"]
[WhiteElo "1600"]
[BlackElo "1630"]
[PlyCount "112"]
[EventDate "2007.??.??"]
[EventType "tourn (corr)"]
[EventRounds "6"]
[SourceTitle "Corr 2022"]
[Source "ChessBase"]
[SourceDate "2021.10.24"]
[SourceVersion "1"]
[SourceVersionDate "2021.10.24"]
[SourceQuality "1"]

1. c4 Nf6 2. g3 g6 3. Bg2 Bg7 4. Nc3 0-0 5. d3 d6 6. e3 c5 7. Nge2 Nc6 8. b3 Bg4 9. Bb2 Qa5 10. 0-0 Rfe8 11. h3 Bf5 12. Qc2 Bd7 13. a3 Qb6 14. Nd5 Nxd5 15. cxd5 Nd8 16. Bxg7 Kxg7 17. Qc3+ f6 18. d4 Rc8 19. dxc5 Rxc5 20. Qb2 Nf7 21. b4 Rec8 22. Qd4 Rc4 23. Qxb6 axb6 24. Rfc1 Rxc1+ 25. Nxc1 Ne5 26. Ne2 b5 27. h4 Ra8 28. Nd4 Nc4 29. Nc2 Kf7 30. Bf1 f5 31. Bg2 Rc8 32. Nd4 Kf6 33. Kf1 h6 34. Ke2 g5 35. hxg5+ hxg5 36. f4 Rg8 37. Kf2 Ra8 38. Nc2 Be8 39. Bf3 Ra6 40. Ke2 Bf7 41. Kf2 Ra4 42. Ke2 Nb6 43. Rd1 Ra8 44. Rd3 Rc8 45. Nd4 g4 46. Bg2 Nxd5 47. Kd2 Nb6 48. Bxb7 Nc4+ 49. Ke2 Rc7 50. Bg2 Nb2 51. Rd2 Bc4+ 52. Ke1 Nd3+ 53. Kd1 e5 54. Nc6 Bb3+ 55. Ke2 e4 56. Nd4 Rc1 0-1

[Event "IECC Swiss email"]
[Site "IECC email"]
[Date "2003.11.08"]
[Round "?"]
[White "Nyman, James"]
[Black "McCorry, Robert T"]
[Result "0-1"]
[WhiteElo "1615"]
[BlackElo "2058"]
[PlyCount "80"]
[EventDate "2003.??.??"]
[EventType "tourn (corr)"]
[EventRounds "6"]
[SourceTitle "Corr 2008"]
[Source "ChessBase"]
[SourceDate "2008.06.24"]
[SourceVersion "1"]
[SourceVersionDate "2008.06.24"]
[SourceQuality "1"]

1. d4 Nf6 2. Nf3 g6 3. Nc3 d5 4. Bf4 Bg7 5. e3 0-0 6. Be2 c5 7. Ne5 Nc6 8. Qd2 cxd4 9. exd4 Qb6 10. Nxc6 bxc6 11. Na4 Qd8 12. Nc5 Nd7 13. Nxd7 Bxd7 14. 0-0 Re8 15. c4 Be6 16. c5 Bf5 17. Ba6 Bc8 18. Bxc8 Qxc8 19. Rfe1 f6 20. Re2 e5 21. Rae1 Qf5 22. f3 Kf7 23. Bh6 Bh8 24. Be3 a5 25. Bf2 Bg7 26. b3 Qd7 27. dxe5 fxe5 28. Bg3 Qf5 29. Qe3 e4 30. fxe4 Rxe4 31. Qd3 Rxe2 32. Qxe2 Bd4+ 33. Bf2 Bxf2+ 34. Qxf2 Qxf2+ 35. Kxf2 Rb8 36. Re2 Rb4 37. Ke3 a4 38. Rb2 Ke6 39. Kd3 axb3 40. axb3 Ke5 0-1

[Event "IECG TE.2003.P.01206 email"]
[Site "IECG email"]
[Date "2003.08.18"]
[Round "?"]
[White "Ottenweller, Wolfgang"]
[Black "Nyman, James"]
[Result "1-0"]
[WhiteElo "2010"]
[BlackElo "1600"]
[PlyCount "31"]
[EventDate "2003.08.18"]
[EventType "tourn (corr)"]
[EventRounds "12"]
[SourceTitle "Corr 2008"]
[Source "ChessBase"]
[SourceDate "2008.06.24"]
[SourceVersion "1"]
[SourceVersionDate "2008.06.24"]
[SourceQuality "1"]

1. e4 d5 2. exd5 Qxd5 3. Nc3 Qd6 4. d4 Nf6 5. Nf3 a6 6. Be3 Nbd7 7. Bd3 e6 8. 0-0 Be7 9. Qe2 c5 10. Rfe1 0-0 11. Rad1 Qc7 12. Ng5 b5 13. d5 c4 14. Be4 Nxe4 15. Ngxe4 Bb4 16. Bd2 1-0

[Event "IECC CL4-2003.19 email"]
[Site "IECC email"]
[Date "2003.08.15"]
[Round "?"]
[White "Otterson, Thomas"]
[Black "Nyman, James"]
[Result "1-0"]
[WhiteElo "1779"]
[BlackElo "1621"]
[PlyCount "49"]
[EventDate "2003.??.??"]
[EventType "tourn (corr)"]
[EventRounds "4"]
[SourceTitle "Corr 2008"]
[Source "ChessBase"]
[SourceDate "2008.06.24"]
[SourceVersion "1"]
[SourceVersionDate "2008.06.24"]
[SourceQuality "1"]

1. e4 d5 2. exd5 Qxd5 3. Nc3 Qd6 4. d4 Nf6 5. Nf3 a6 6. Bg5 Nbd7 7. Bd3 c5 8. dxc5 Nxc5 9. Bc4 Qxd1+ 10. Rxd1 e6 11. 0-0 b5 12. Be2 Bb7 13. a3 Rc8 14. Nd4 Ncd7 15. Rfe1 Be7 16. Nb3 Nd5 17. Nxd5 Bxd5 18. Bxb5 axb5 19. Rxd5 Bxg5 20. Rxg5 Rxc2 21. Rb1 e5 22. Rxg7 h5 23. f4 Kf8 24. Rg3 f6 25. fxe5 1-0